[Event "Florianopolis op 5th"]
[Site "Florianopolis"]
[Date "2019.01.24"]
[Round "6"]
[White "Silva, Fernando So Barros"]
[Black "Kikuchi Cadilhac, Mariana Sawae"]
[Result "1-0"]
[WhiteElo "1867"]
[BlackElo "1610"]
[PlyCount "63"]
[EventDate "2019.01.21"]
[EventType "swiss"]
[EventRounds "10"]
[EventCountry "BRA"]
[SourceTitle "CBM 188 Extra"]
[Source "ChessBase"]
[SourceDate "2019.02.28"]
[SourceVersion "1"]
[SourceVersionDate "2019.02.28"]
[SourceQuality "1"]

1. Nf3 d5 2. d4 Nf6 3. c4 c6 4. Nc3 dxc4 5. a4 Bf5 6. Ne5 e6 7. e3 Nbd7 8. Nxc4 Be7 9. Be2 0-0 10. 0-0 Nb6 11. f3 c5 12. dxc5 Bxc5 13. Kh1 Qc7 14. Nb5 Qe7 15. e4 Bg6 16. Bg5 Nxc4 17. Bxc4 a6 18. Nc3 Rad8 19. Qe2 Qc7 20. Rac1 Be7 21. Ba2 Qb8 22. Be3 Bd6 23. g3 Bc7 24. Kg2 Rd7 25. Rfd1 Rfd8 26. Rxd7 Rxd7 27. b4 Qd8 28. Rc2 Be5 29. Qe1 Bd4 30. Bxd4 Rxd4 31. Ne2 Rd1 32. Qxd1 1-0

[Event "Florianopolis op 5th"]
[Site "Florianopolis"]
[Date "2019.01.22"]
[Round "3"]
[White "Gomes, Carlos"]
[Black "Silva, Fernando So Barros"]
[Result "1-0"]
[WhiteElo "1562"]
[BlackElo "1867"]
[PlyCount "99"]
[EventDate "2019.01.21"]
[EventType "swiss"]
[EventRounds "10"]
[EventCountry "BRA"]
[SourceTitle "CBM 188 Extra"]
[Source "ChessBase"]
[SourceDate "2019.02.28"]
[SourceVersion "1"]
[SourceVersionDate "2019.02.28"]
[SourceQuality "1"]

1. e4 c5 2. Nf3 e6 3. d4 cxd4 4. Nxd4 Nf6 5. Nc3 Bb4 6. Bd2 Nc6 7. Nb3 a6 8. a3 Be7 9. Bd3 Qc7 10. 0-0 b5 11. Be3 d6 12. f3 Bb7 13. Qe1 Ne5 14. Rd1 0-0 15. Qf2 Nfd7 16. Be2 Nc4 17. Bxc4 bxc4 18. Nc1 Nf6 19. N1e2 Bc6 20. Kh1 Rab8 21. Bc1 e5 22. Ng3 g6 23. Qe2 Ba8 24. Rfe1 Rfe8 25. Nf1 Bf8 26. Nd2 Rbc8 27. Qe3 Nh5 28. Ne2 Qe7 29. Nf1 h6 30. g4 Nf6 31. g5 hxg5 32. Qxg5 Bg7 33. Ne3 d5 34. exd5 e4 35. f4 Qd6 36. Rg1 Nh7 37. Qg4 Nf6 38. Qg5 Nh7 39. Qg3 Qf8 40. h4 Nf6 41. f5 Nh5 42. Qg4 Qe7 43. fxg6 fxg6 44. d6 Qe6 45. d7 Qxg4 46. dxe8Q+ Rxe8 47. Rxg4 Kh7 48. Nf4 Nf6 49. Rxg6 Nh5 50. Rg4 1-0

[Event "Florianopolis op 4th"]
[Site "Florianopolis"]
[Date "2018.01.25"]
[Round "10"]
[White "Camara, Terbio Jose"]
[Black "Silva, Fernando So Barros"]
[Result "1-0"]
[WhiteElo "2077"]
[BlackElo "1780"]
[PlyCount "87"]
[EventDate "2018.01.19"]
[EventType "swiss"]
[EventRounds "10"]
[EventCountry "BRA"]
[SourceTitle "EXT 2019"]
[Source "ChessBase"]
[SourceDate "2018.10.10"]
[SourceVersion "1"]
[SourceVersionDate "2018.10.10"]
[SourceQuality "1"]

1. e4 c5 2. Nf3 e6 3. c3 d5 4. e5 a6 5. d4 Nc6 6. Be2 Qc7 7. 0-0 Bd7 8. Re1 b6 9. h3 Nge7 10. Bf4 Ng6 11. Bg3 Be7 12. Nbd2 Qb7 13. Nf1 0-0 14. Bd3 Rfc8 15. a3 cxd4 16. cxd4 Na5 17. Ne3 b5 18. h4 Nc4 19. Qe2 a5 20. h5 Nf8 21. Bh4 Bc6 22. Bxe7 Qxe7 23. g4 Qb7 24. g5 g6 25. Ng4 Kg7 26. Kg2 Nd7 27. Rh1 b4 28. Rh2 bxa3 29. bxa3 Qb2 30. Qxb2 Nxb2 31. Be2 Na4 32. Rah1 Nc3 33. Bd3 Ne4 34. Nf6 Nexf6 35. gxf6+ Nxf6 36. exf6+ Kxf6 37. hxg6 hxg6 38. Ne5 Be8 39. Rh7 Rc3 40. a4 Rb8 41. Bb5 Rc7 42. Rh8 Rxb5 43. axb5 Bxb5 44. Ra8 1-0

[Event "Florianopolis op 3rd"]
[Site "Florianopolis"]
[Date "2017.01.26"]
[Round "10"]
[White "Noseda, Francesco"]
[Black "Silva, Fernando So Barros"]
[Result "0-1"]
[WhiteElo "1959"]
[BlackElo "1702"]
[PlyCount "84"]
[EventDate "2017.01.20"]
[EventType "swiss"]
[EventRounds "10"]
[EventCountry "BRA"]
[SourceTitle "CBM 176 Extra"]
[Source "ChessBase"]
[SourceDate "2017.03.02"]
[SourceVersion "1"]
[SourceVersionDate "2017.03.02"]
[SourceQuality "1"]

1. e4 c5 2. Nf3 e6 3. d4 cxd4 4. Nxd4 Nf6 5. Nc3 Nc6 6. Nxc6 bxc6 7. Bd3 e5 8. 0-0 h6 9. f4 d6 10. Qe1 Be7 11. Qg3 Kf8 12. fxe5 dxe5 13. Be3 Bd6 14. Bc4 Qe7 15. Rad1 Be6 16. Bxe6 Qxe6 17. Qf2 Kg8 18. h3 Bb4 19. Bxa7 Kh7 20. Be3 Bxc3 21. bxc3 Nxe4 22. Qxf7 Qxf7 23. Rxf7 Rhd8 24. Rxd8 Rxd8 25. a4 Ra8 26. Ra7 Rb8 27. c4 Rb1+ 28. Kh2 h5 29. h4 Nf6 30. Bc5 Ng4+ 31. Kg3 Rc1 32. Bf8 Rxc2 33. Rxg7+ Kh8 34. Kf3 Rf2+ 35. Ke4 Rxf8 36. Rc7 Rf4+ 37. Kd3 e4+ 38. Ke2 Rf2+ 39. Ke1 e3 40. Rxc6 Ne5 41. Re6 Nd3+ 42. Kd1 Rd2# 0-1

[Event "Dois Irmaos Regional Sul"]
[Site "Dois Irmaos"]
[Date "2012.??.??"]
[Round "1"]
[White "Cruz, Eider Tiago Da"]
[Black "Silva, Fernando So Barros"]
[Result "1-0"]
[WhiteElo "2137"]
[BlackElo "2033"]
[PlyCount "87"]
[EventDate "2012.10.12"]
[EventType "swiss"]
[EventRounds "6"]
[EventCountry "BRA"]
[SourceTitle "EXT 2013"]
[Source "ChessBase"]
[SourceDate "2012.11.22"]
[SourceVersion "1"]
[SourceVersionDate "2012.11.22"]
[SourceQuality "1"]

1. d4 Nf6 2. c4 e6 3. Nf3 d5 4. Nc3 Be7 5. e3 a6 6. Bd3 dxc4 7. Bxc4 b5 8. Bd3 Bb7 9. 0-0 Nbd7 10. Qe2 c5 11. Rd1 c4 12. Bc2 b4 13. Na4 Qc7 14. e4 h6 15. d5 exd5 16. e5 Ne4 17. e6 Ndf6 18. exf7+ Kxf7 19. Nd4 Rhe8 20. Bxe4 Nxe4 21. Qh5+ g6 22. Qf3+ Bf6 23. Bxh6 Bc6 24. Nxc6 Qxc6 25. b3 c3 26. Rac1 Rad8 27. Be3 Kg7 28. Bd4 Rf8 29. Qd3 Qb5 30. f3 Ng5 31. Nc5 Qc6 32. Nxa6 Bxd4+ 33. Qxd4+ Qf6 34. Nxb4 Qxd4+ 35. Rxd4 Rf5 36. Rxc3 Ne6 37. Rd2 d4 38. Rc4 Rd6 39. Nd3 Ra5 40. a4 Kf6 41. Ra2 g5 42. b4 Rad5 43. a5 Rf5 44. a6 1-0

[Event "Dois Irmaos Regional Sul"]
[Site "Dois Irmaos"]
[Date "2012.??.??"]
[Round "2"]
[White "Silva, Fernando So Barros"]
[Black "Da Silva, Joao Carlos Orguim"]
[Result "1-0"]
[WhiteElo "2033"]
[BlackElo "1922"]
[PlyCount "45"]
[EventDate "2012.10.12"]
[EventType "swiss"]
[EventRounds "6"]
[EventCountry "BRA"]
[SourceTitle "EXT 2013"]
[Source "ChessBase"]
[SourceDate "2012.11.22"]
[SourceVersion "1"]
[SourceVersionDate "2012.11.22"]
[SourceQuality "1"]

1. Nf3 Nf6 2. d4 d5 3. c4 c6 4. g3 dxc4 5. Bg2 e6 6. 0-0 b5 7. a4 Bb7 8. Ne5 Qc8 9. Nc3 a6 10. e4 Nbd7 11. f4 Nb6 12. Be3 b4 13. Ne2 c5 14. a5 Nbd7 15. d5 exd5 16. exd5 Nxe5 17. fxe5 Ne4 18. Qa4+ Kd8 19. Bh3 h5 20. Rxf7 Bxd5 21. Bg5+ Nf6 22. Bxc8 Bxf7 23. Qd7# 1-0